Most Peaceful Nations Quiz Stats

Quiz Updated Jun 17, 2017

Challenge
Share
Tweet
Embed
Score 0/150 Timer 05:00
9 Plays Today
% Correct
Sweden
92.9%
Sweden
92.9%
Sweden
92.6%
Sweden
92.5%
Sweden
92.5%
Sweden
92.5%
Sweden
92.5%
Sweden
92.2%
Norway
91.3%
Norway
91.3%
Finland
90.8%
Norway
90.3%
Norway
90.3%
Norway
90.3%
Norway
90.3%
Finland
89.7%
Finland
89.5%
Finland
89%
Finland
88.2%
Finland
88.2%
Finland
88.2%
Finland
88.2%
Finland
88.2%
Switzerland
88.1%
Switzerland
88.1%
Canada
87.4%
Canada
87.4%
Canada
87.4%
Canada
87.4%
Canada
87.4%
Canada
87.3%
Canada
87.3%
Denmark
87.2%
Denmark
87.1%
Denmark
86.9%
Denmark
86.9%
Canada
86.8%
Switzerland
86.8%
Canada
86.8%
Switzerland
86.4%
Canada
86.1%
Switzerland
86.1%
Iceland
85.6%
Switzerland
84.9%
Denmark
84.6%
Denmark
84.6%
Denmark
84.6%
Denmark
84.6%
Denmark
84.5%
Iceland
84.1%
% Correct
Iceland
83.5%
Iceland
83.1%
Iceland
83%
Australia
82.2%
Australia
81.8%
Australia
81.8%
Australia
80.9%
Denmark
80.8%
New Zealand
80.7%
Japan
80.6%
New Zealand
79.7%
New Zealand
79.6%
Norway
79.3%
New Zealand
79.2%
Switzerland
78.7%
New Zealand
78.5%
Sweden
78.2%
Iceland
78.1%
Iceland
78.1%
Iceland
78.1%
Iceland
78.1%
Iceland
78%
New Zealand
76.9%
New Zealand
76.9%
New Zealand
76.9%
New Zealand
76.9%
New Zealand
76.7%
Ireland
74.9%
Japan
74.1%
Japan
74.1%
Japan
73.3%
Japan
72.9%
Germany
71.9%
Germany
71.9%
Japan
71.9%
Japan
71.9%
Japan
71.9%
Japan
71.9%
Austria
71.8%
Austria
71.8%
Germany
71.8%
Japan
71.7%
Belgium
71.7%
Austria
71.7%
Belgium
71.1%
Ireland
70.5%
Ireland
70.5%
Austria
70.4%
Belgium
70.2%
Belgium
70.2%
% Correct
Belgium
70.2%
Belgium
70.1%
Ireland
70%
Ireland
69.9%
Czechia
69.5%
Belgium
69.1%
Austria
68.8%
Austria
68.8%
Austria
68.8%
Austria
68.8%
Austria
68.5%
Austria
68.1%
Ireland
67.4%
Ireland
67.4%
Ireland
67.4%
Ireland
67.4%
Ireland
67.1%
Portugal
66.9%
Portugal
66.2%
Portugal
65.7%
Portugal
65.7%
Portugal
65.7%
Portugal
65.7%
Luxembourg
64.3%
Luxembourg
64.3%
Luxembourg
64.3%
Czechia
52.4%
Germany
52.3%
Czechia
49%
Czechia
49%
Czechia
48.9%
Hungary
46.4%
Czechia
45.7%
Czechia
45.7%
Czechia
45.7%
Slovenia
45.5%
Czechia
45.1%
Slovenia
43%
Slovenia
43%
Slovenia
43%
Slovenia
42.4%
Slovenia
37.4%
Slovenia
37.4%
Slovenia
37.4%
Slovenia
36.8%
Bhutan
27.8%
Bhutan
26.4%
Qatar
16.1%
Qatar
16.1%
Qatar
16.1%

You're not logged in!

Compare scores with friends on all Sporcle quizzes.
Sign Up with Email
OR
Log In

You Might Also Like...

Show Comments

Extras

Top Quizzes Today


Score Distribution

Your Account Isn't Verified!

In order to create a playlist on Sporcle, you need to verify the email address you used during registration. Go to your Sporcle Settings to finish the process.